Hermosura de la castidad

Сохранить в:
Библиографические подробности
Главный автор: Martín Sánchez, Benjamín (autor)
Формат:
Язык:испанский
Опубликовано: Madrid Studium 1957
Предметы:
Метки: Добавить метку
Нет меток, Требуется 1-ая метка записи!

MARC

LEADER 00000nam a2200000 a 4500
001 UCH2688
003 CL-VaPUC
008 090624e19570000SP |||||||||||||||||spa|d
082 0 4 |a 252.25  |b SAN  |2 21 
100 |a Martín Sánchez, Benjamín  |e autor  |9 478404 
245 1 0 |a Hermosura de la castidad 
300 |a 152 p 
942 |c BK 
945 |d 20090624 00:00:00  |a rbrito 
260 |a Madrid  |b Studium  |c 1957 
650 7 |a CASTIDAD  |2 CL-VaPUC  |9 330854 
650 0 |a Virginidad  |9 366150 
650 7 |a CELIBATO  |2 CL-VaPUC  |9 334066 
650 0 |a Sacerdotes   |9 315705 
583 |a last modification  |c 20090624 00:00:00  |k Rodrigo Vera 
999 |c 334404  |d 334402 
952 |0 0  |1 0  |4 0  |6 252_250000000000000_SAN_1957  |7 0  |8 X  |9 423395  |a FDOBUD  |b FDOBUD  |d 2019-11-22  |i 4558413  |o 252.25 SAN 1957  |p 4558413  |r 2019-11-22  |w 2019-11-22  |y BK_X  |k BUD